000 01189cam a2200253 4500
001 L135756
008 061208n2006 000 0 eng u
022 _a0813828597
_a9780813828596
035 _a(Sirsi) u135756
041 0 _aeng
050 0 4 _a690.23 $2 18
100 1 _aWheeler, Eileen Fabian
245 0 0 _aHorse stable and riding arena design
260 _aOxford
_bBlackwell Publishing
_c2006
300 _axiv, 308p.
_bill.
_c26cm.
350 _a75
505 0 _aHorse behaviour influence on design -- Horse stable layout and planning -- Construction style and materials -- Horse farm site planning -- Stall design -- Ventilation -- Flooring materials and drainage -- Manure management -- Fire safety -- Utilities -- Lighting -- Heating -- Auxiliary management -- Fence planning -- Fence materials -- Indoor riding arena design and construction
520 _aGives engineering based design information for designing facilities with horse well being and human convenience in mind.
590 _aKA
651 4 _aInternational
690 _aPROPERTY-COMMERCIAL PROPERTY-LEISURE PROPERTY-SPORTS PROPERTY
690 _aBUILT ENVIRONMENT-CONSTRUCTION DESIGN
942 _n0
999 _c106189
_d106189